100 Najludniejszych miast polski - Statystyki

Ogólne statystyki
  • Ten quiz został rozwiązany 692 razy
  • Średni wynik to 49 z 100
Statystyki odpowiedzi
lp. Miasta % Poprawnych
1 Warszawa
98%
2 Kraków
96%
6 Gdańsk
94%
4 Wrocław
94%
3 Łódź
93%
12 Gdynia
92%
5 Poznań
92%
7 Szczecin
91%
11 Katowice
90%
9 Lublin
89%
10 Białystok
88%
8 Bydgoszcz
87%
16 Toruń
85%
18 Rzeszów
80%
24 Zielona Góra
80%
27 Opole
79%
17 Kielce
78%
14 Radom
77%
13 Częstochowa
76%
21 Olsztyn
76%
29 Gorzów Wielkopolski
74%
15 Sosnowiec
72%
19 Gliwice
68%
31 Elbląg
67%
54 Suwałki
64%
20 Zabrze
63%
37 Koszalin
61%
22 Bielsko-Biała
60%
52 Lubin
59%
35 Tarnów
59%
32 Płock
58%
23 Bytom
56%
36 Chorzów
56%
96 Kołobrzeg
56%
67 Ełk
55%
38 Kalisz
54%
45 Jelenia Góra
53%
44 Nowy Sącz
53%
39 Legnica
52%
49 Piotrków Trybunalski
52%
33 Wałbrzych
51%
51 Inowrocław
50%
50 Piła
50%
28 Tychy
50%
61 Zamość
50%
25 Rybnik
49%
34 Włocławek
49%
70 Przemyśl
47%
40 Grudziądz
46%
48 Konin
46%
42 Słupsk
46%
64 Chełm
45%
30 Dąbrowa Górnicza
45%
56 Gniezno
45%
63 Łomża
41%
26 Ruda Śląska
41%
69 Pruszków
40%
46 Siedlce
40%
76 Biała Podlaska
39%
94 Tarnobrzeg
38%
95 Krosno
37%
62 Leszno
37%
57 Stargard
37%
75 Bełchatów
36%
73 Mielec
36%
71 Kędzierzyn-Koźle
35%
83 Ostrołęka
34%
82 Legionowo
32%
68 Stalowa Wola
32%
41 Jaworzno
31%
58 Głogów
30%
53 Ostrów Wielkopolski
30%
43 Jastrzębie-Zdrój
29%
47 Mysłowice
29%
55 Ostrowiec Świętokrzyski
29%
89 Skierniewice
28%
93 Piaseczno
27%
92 Puławy
27%
65 Tomaszów Mazowiecki
27%
85 Wejherowo
27%
60 Pabianice
25%
97 Radomsko
25%
74 Tczew
25%
66 Żory
25%
72 Tarnowskie Góry
24%
79 Zgierz
24%
78 Będzin
23%
59 Siemianowice Śląskie
23%
87 Starachowice
23%
98 Dębica
22%
100 Otwock
22%
80 Piekary Śląskie
21%
77 Świdnica
21%
90 Wodzisław Śląski
21%
81 Racibórz
20%
91 Starogard Gdański
20%
84 Świętochłowice
20%
86 Zawiercie
20%
88 Rumia
18%
99 Skarżysko-Kamienna
18%
Nie znaleziono quizów pasujących do podanych kryteriów
Rozkład punktacji
Procent ludzi z każdym wynikiem
Percentyl według liczby udzielonych odpowiedzi
Twoja historia wyników
Nie rozwiązałeś tego quizu